Does Clash Royale have that? - Statistics

General Stats
  • This quiz has been taken 594 times
  • The average score is 5 of 11
Answers on the Grid
Answers color-coded by a green-red scale on the quiz's grid according to % correct below.
Level 15
Evolution Elite Barbarians
Magic Coins
Shield Maiden
5 Rarities
Golden Giant
Over 200 emotes
A secondary pass
Evolved Battle Healer
Evolved Royal Giant
3 Tower Troops
14 Arenas
105 Cards
4 Tower Troops
A 2500 gems chest
A 750 gems chest
Barbarian King
A Heist Mode
A Draft Mode
Clans
 
Answer Stats
Answer % Correct
Level 15
96%
5 Rarities
65%
Over 200 emotes
64%
Evolved Royal Giant
48%
Clans
36%
A Draft Mode
34%
4 Tower Troops
29%
Magic Coins
29%
A 750 gems chest
28%
A 2500 gems chest
26%
A Heist Mode
24%
No matching quizzes found
Score Distribution
Percent of People with Each Score
Percentile by Number Answered
Your Score History
You have not taken this quiz